The British electrical industry 1875-1914 : The economic returns of a new technology
This book began as an attempt to examine the economic returs to an important new technology, taking as a case study a country where this new technology - according both to cotemporaties and to later writers made slow progress.
Shranjeno v:
| Glavni avtor: | |
|---|---|
| Format: | Knjiga |
| Jezik: | Undetermined |
| Izdano: |
Oxford
Clarendon Press
1979
|
| Teme: | |
| Oznake: |
Označite
Brez oznak, prvi označite!
|
| Thư viện lưu trữ: | Trung tâm Học liệu Trường Đại học Cần Thơ |
|---|
| LEADER | 00904nam a2200229Ia 4500 | ||
|---|---|---|---|
| 001 | CTU_84498 | ||
| 008 | 210402s9999 xx 000 0 und d | ||
| 082 | |a 338.4 | ||
| 082 | |b B993 | ||
| 100 | |a Byatt, I. C. R. | ||
| 245 | 4 | |a The British electrical industry 1875-1914 : | |
| 245 | 4 | |b The economic returns of a new technology | |
| 245 | 0 | |c I. C. R. Byatt | |
| 260 | |a Oxford | ||
| 260 | |b Clarendon Press | ||
| 260 | |c 1979 | ||
| 520 | |a This book began as an attempt to examine the economic returs to an important new technology, taking as a case study a country where this new technology - according both to cotemporaties and to later writers made slow progress. | ||
| 650 | |a Công nghiệp điện,Electric industries | ||
| 650 | |x Lịch sử,History | ||
| 650 | |z Nước Anh,Great Britain | ||
| 904 | |i Qhieu(sửa) | ||
| 980 | |a Trung tâm Học liệu Trường Đại học Cần Thơ | ||